Comprehensive analysis of antioxidant mechanisms in Arabidopsis glutathione peroxidase-like mutants under salt- and osmotic stress reveals organ-specific significance of the AtGPXL’s activities

Elmentve itt :
Bibliográfiai részletek
Szerzők: Bela Krisztina
Riyazuddin Riyazuddin
Horváth Edit
Hurton Ágnes
Gallé Ágnes
Takács Zoltán
Zsigmond Laura
Szabados László
Görgényi Miklósné Tari Irma
Csiszár Jolán
Dokumentumtípus: Cikk
Megjelent: 2018
Sorozat:ENVIRONMENTAL AND EXPERIMENTAL BOTANY 150
doi:10.1016/j.envexpbot.2018.02.016

mtmt:3350129
Online Access:http://publicatio.bibl.u-szeged.hu/13696
LEADER 01192nab a2200301 i 4500
001 publ13696
005 20180726080851.0
008 180726s2018 hu o 0|| zxx d
022 |a 0098-8472 
024 7 |a 10.1016/j.envexpbot.2018.02.016  |2 doi 
024 7 |a 3350129  |2 mtmt 
040 |a SZTE Publicatio Repozitórium  |b hun 
041 |a zxx 
100 1 |a Bela Krisztina 
245 1 0 |a Comprehensive analysis of antioxidant mechanisms in Arabidopsis glutathione peroxidase-like mutants under salt- and osmotic stress reveals organ-specific significance of the AtGPXL’s activities  |h [elektronikus dokumentum] /  |c  Bela Krisztina 
260 |c 2018 
300 |a 127-140 
490 0 |a ENVIRONMENTAL AND EXPERIMENTAL BOTANY  |v 150 
700 0 1 |a Riyazuddin Riyazuddin  |e aut 
700 0 1 |a Horváth Edit  |e aut 
700 0 1 |a Hurton Ágnes  |e aut 
700 0 1 |a Gallé Ágnes  |e aut 
700 0 1 |a Takács Zoltán  |e aut 
700 0 1 |a Zsigmond Laura  |e aut 
700 0 1 |a Szabados László  |e aut 
700 0 2 |a Görgényi Miklósné Tari Irma  |e aut 
700 0 2 |a Csiszár Jolán  |e aut 
856 4 0 |u http://publicatio.bibl.u-szeged.hu/13696/1/Bela_et_al._2018_EEB_Atgpxls_comprehensive_analysis_u.pdf  |z Dokumentum-elérés